ՀՀ Գիտությունների ազգային ակադեմիայի հիմնարար գիտական գրադարան  =   Fundamental Scientific Library of NAS RA

Լենինի պատգամները յերիտասարդության : (Record no. 169796)

MARC details
000 -LEADER
fixed length control field 00929nam a2200217 a 4500
001 - CONTROL NUMBER
control field 000465500
003 - CONTROL NUMBER IDENTIFIER
control field AM-YeHGA
005 - DATE AND TIME OF LATEST TRANSACTION
control field 20250618072525.0
008 - FIXED-LENGTH DATA ELEMENTS--GENERAL INFORMATION
fixed length control field 051124s1925 ||| r 000 0 arm d
040 ## - CATALOGING SOURCE
Original cataloging agency AM-YeHGA
041 1# - LANGUAGE CODE
Language code of text/sound track or separate title arm
Language code of original rus
090 ## - LOCALLY ASSIGNED LC-TYPE CALL NUMBER (OCLC); LOCAL CALL NUMBER (RLIN)
-- 171232
245 00 - TITLE STATEMENT
Title Լենինի պատգամները յերիտասարդության :
Remainder of title (ՌԿՅԵՄ 3-րդ համագումարին, 1920 թ. հոկտեմբերի 4-ին արտասանած ճառից) /
Statement of responsibility, etc. Ընդհ. խմբ.՝ Դ. Սիմոնյան.
260 ## - PUBLICATION, DISTRIBUTION, ETC.
Place of publication, distribution, etc. Մոսկվա :
Name of publisher, distributor, etc. ԽՍՀՄ ժող. կենտր. հրատ,
Date of publication, distribution, etc. 1925.
300 ## - PHYSICAL DESCRIPTION
Extent 24 էջ.
440 #0 - SERIES STATEMENT/ADDED ENTRY--TITLE
Title Լենինյան գրադարան
Volume/sequential designation 1
9 (RLIN) 5072
650 14 - SUBJECT ADDED ENTRY--TOPICAL TERM
Topical term or geographic name entry element Կոմերիտմիություն
General subdivision Լենինյան պատգամներ
653 0# - INDEX TERM--UNCONTROLLED
Uncontrolled term Կոմերիտմիություն
700 1# - ADDED ENTRY--PERSONAL NAME
Personal name Տեր-Սիմոնյան, Դրաստամատ Ասքանազի,
Dates associated with a name 1895-1937
Relator term խմբ.
Relationship edt
9 (RLIN) 2835
942 ## - ADDED ENTRY ELEMENTS (KOHA)
Source of classification or shelving scheme Universal Decimal Classification
Koha item type Գրքեր / Books
Holdings
Withdrawn status Lost status Damaged status Not for loan Collection Home library Current library Date acquired Total checkouts Full call number Barcode Date last seen Price effective from Koha item type Public note Source of classification or shelving scheme
        General Fundamental Scientific Library Fundamental Scientific Library 28/12/2016   AII/38544 220038544 28/12/2016 28/12/2016 Գրքեր / Books 30 Days Loan  
        Kusikian Individual Collection Fundamental Scientific Library Fundamental Scientific Library 07/10/2020   Կուս/1091 FL0624848 07/10/2020 07/10/2020 Գրքեր / Books ILL Non-Circ Universal Decimal Classification


ՀՀ ԳԱԱ հիմնարար գիտական գրադարան
ՀՀ,Երևան 0019
Մարշալ Բաղրամյան 24/6
հեռախոս:(374-10) 52-47-50
Հետադարձ կապ

All site content, except where otherwise noted, is licensed under a
Creative Commons License